{"text_format":"3","workbook":"xlsx","n_sheets":1,"sheets":["t530"],"read":"whole","date_system":"1900"}

{"sheet":"t530","index":0,"n_rows":205,"n_cols":7,"rows_kept":205,"merged":[[0,0,0,6],[30,0,30,5],[51,0,51,5],[161,0,161,5]]}
["TABELA 530.1 - Estatísticas Agrícolas, Município de Santo Antônio de Posse, Estado de São Paulo, 2007/08."]
["ITEM","UNIDADE","N.DE UPAs","MÍNIMO","MÉDIO","MÁXIMO","TOTAL"]
["Distância à sede do município","km",242,0.3,{"v":6.71,"d":"6.7"},{"v":30,"d":"30.0"},"-"]
["Área total","hectare",242,1.1,{"v":53.28,"d":"53.3"},872.2,{"v":12893.2,"d":"12,893.2"}]
["Área com cultura perene","hectare",124,0.1,{"v":19.54,"d":"19.5"},{"v":166,"d":"166.0"},{"v":2423.2,"d":"2,423.2"}]
["Área com cultura temporária","hectare",143,0.2,{"v":40.62,"d":"40.6"},782.4,{"v":5809.1,"d":"5,809.1"}]
["Área com pastagem","hectare",113,0.3,{"v":17.74,"d":"17.7"},139.8,{"v":2005,"d":"2,005.0"}]
["Área com reflorestamento","hectare",32,0.1,{"v":6.28,"d":"6.3"},{"v":55,"d":"55.0"},201.1]
["Área com vegetação natural","hectare",80,0.1,{"v":7.17,"d":"7.2"},60.8,573.7]
["Área com vegetação de brejo e várzea","hectare",130,0.2,{"v":3.77,"d":"3.8"},{"v":92,"d":"92.0"},489.5]
["Área em descanso","hectare",37,0.4,{"v":13.01,"d":"13.0"},79.8,481.3]
["Área complementar","hectare",237,0.1,{"v":3.84,"d":"3.8"},52.2,910.3]
["Área das UPAs com (0, 1] ha","hectare","-","-","-","-","-"]
["Área das UPAs com (1, 2] ha","hectare",4,1.1,{"v":1.58,"d":"1.6"},{"v":2,"d":"2.0"},6.3]
["Área das UPAs com (2, 5] ha","hectare",24,2.1,3.5,{"v":5,"d":"5.0"},83.9]
["Área das UPAs com (5, 10] ha","hectare",49,5.4,{"v":7.92,"d":"7.9"},{"v":10,"d":"10.0"},388.1]
["Área das UPAs com (10, 20] ha","hectare",43,10.8,{"v":15.17,"d":"15.2"},19.3,652.4]
["Área das UPAs com (20, 50] ha","hectare",61,21.4,{"v":32.64,"d":"32.6"},{"v":50,"d":"50.0"},{"v":1991,"d":"1,991.0"}]
["Área das UPAs com (50, 100] ha","hectare",34,50.8,{"v":73.71,"d":"73.7"},{"v":100,"d":"100.0"},{"v":2506.3,"d":"2,506.3"}]
["Área das UPAs com (100, 200] ha","hectare",15,101.1,{"v":140.24,"d":"140.2"},181.5,{"v":2103.6,"d":"2,103.6"}]
["Área das UPAs com (200, 500] ha","hectare",9,285.5,{"v":341.68,"d":"341.7"},{"v":410,"d":"410.0"},{"v":3075.1,"d":"3,075.1"}]
["Área das UPAs com (500, 1.000] ha","hectare",3,{"v":541,"d":"541.0"},695.5,872.2,{"v":2086.5,"d":"2,086.5"}]
["Área das UPAs com (1.000, 2.000] ha","hectare","-","-","-","-","-"]
["Área das UPAs com (2.000, 5.000] ha","hectare","-","-","-","-","-"]
["Área das UPAs com (5.000, 10.000] ha","hectare","-","-","-","-","-"]
["Área das UPAs acima de 10.000 ha","hectare","-","-","-","-","-"]
["Familiares do proprietário que trabalham na UPA","unidade",147,{"v":1,"d":"1.0"},1.9,{"v":14,"d":"14.0"},{"v":280,"d":"280.0"}]
["Trabalhadores permanentes","unidade",173,{"v":1,"d":"1.0"},{"v":14.14,"d":"14.1"},{"v":360,"d":"360.0"},{"v":2447,"d":"2,447.0"}]
["Fonte: Secretaria de Agricultura e Abastecimento, CDRS/IEA, Projeto LUPA."]
[]
["TABELA 530.2 - Explorações Animais, Município de Santo Antônio de Posse, Estado de São Paulo, 2007/08."]
["ITEM","UNIDADE","N.DE UPAs","MÍNIMO","MÉDIO","MÁXIMO","TOTAL"]
["Apicultura","colmeias",5,{"v":10,"d":"10.0"},{"v":21,"d":"21.0"},{"v":25,"d":"25.0"},{"v":105,"d":"105.0"}]
["Asininos E Muares","cabeças",6,{"v":1,"d":"1.0"},{"v":5.33,"d":"5.3"},{"v":20,"d":"20.0"},{"v":32,"d":"32.0"}]
["Avestruzes e Ema (Criadouro)","cabeças",1,{"v":8,"d":"8.0"},{"v":8,"d":"8.0"},{"v":8,"d":"8.0"},{"v":8,"d":"8.0"}]
["Avicultura de Corte","cabeças/ano",60,{"v":6,"d":"6.0"},{"v":17071.52,"d":"17,071.5"},{"v":380000,"d":"380,000.0"},{"v":1024291,"d":"1,024,291.0"}]
["Avicultura Ornamental/Decorativa/Exótica","cabeças",15,{"v":5,"d":"5.0"},{"v":24.07,"d":"24.1"},{"v":70,"d":"70.0"},{"v":361,"d":"361.0"}]
["Avicultura para Ovos","cabeças",4,{"v":6,"d":"6.0"},{"v":47759,"d":"47,759.0"},{"v":180000,"d":"180,000.0"},{"v":191036,"d":"191,036.0"}]
["Bovinocultura de Corte","cabeças",35,{"v":1,"d":"1.0"},{"v":43.06,"d":"43.1"},{"v":175,"d":"175.0"},{"v":1507,"d":"1,507.0"}]
["Bovinocultura Leiteira","cabeças",15,{"v":1,"d":"1.0"},23.2,{"v":80,"d":"80.0"},{"v":348,"d":"348.0"}]
["Bovinocultura Mista","cabeças",40,{"v":2,"d":"2.0"},{"v":16.53,"d":"16.5"},{"v":97,"d":"97.0"},{"v":661,"d":"661.0"}]
["Bubalinocultura","cabeças",1,{"v":15,"d":"15.0"},{"v":15,"d":"15.0"},{"v":15,"d":"15.0"},{"v":15,"d":"15.0"}]
["Caprinocultura","cabeças",1,{"v":3,"d":"3.0"},{"v":3,"d":"3.0"},{"v":3,"d":"3.0"},{"v":3,"d":"3.0"}]
["Equinocultura","cabeças",57,{"v":1,"d":"1.0"},{"v":7.14,"d":"7.1"},{"v":130,"d":"130.0"},{"v":407,"d":"407.0"}]
["Minhocultura","canteiros",1,{"v":6,"d":"6.0"},{"v":6,"d":"6.0"},{"v":6,"d":"6.0"},{"v":6,"d":"6.0"}]
["Outra Exploração Animal","cabeças",1,{"v":25,"d":"25.0"},{"v":25,"d":"25.0"},{"v":25,"d":"25.0"},{"v":25,"d":"25.0"}]
["Ovinocultura","cabeças",8,{"v":1,"d":"1.0"},{"v":59.75,"d":"59.8"},{"v":160,"d":"160.0"},{"v":478,"d":"478.0"}]
["Piscicultura","m² tanques",10,{"v":1,"d":"1.0"},{"v":9400.1,"d":"9,400.1"},{"v":20000,"d":"20,000.0"},{"v":94001,"d":"94,001.0"}]
["Suinocultura","cabeças",29,{"v":2,"d":"2.0"},405.1,{"v":6400,"d":"6,400.0"},{"v":11748,"d":"11,748.0"}]
["Fonte: Secretaria de Agricultura e Abastecimento, CDRS/IEA, Projeto LUPA."]
[]
["TABELA 530.3 -  Máquinas, Implementos e Benfeitorias, Município de Santo Antônio de Posse, Estado de São Paulo, 2007/08."]
["ITEM","UNIDADE","N.DE UPAs","MÍNIMO","MÉDIO","MÁXIMO","TOTAL"]
["Arado Comum (Bacia, Aiveca)","Unidade",85,{"v":1,"d":"1.0"},{"v":1.22,"d":"1.2"},{"v":6,"d":"6.0"},{"v":104,"d":"104.0"}]
["Arado Escarificador","Unidade",4,{"v":1,"d":"1.0"},{"v":1,"d":"1.0"},{"v":1,"d":"1.0"},{"v":4,"d":"4.0"}]
["Arado Subsolador","Unidade",16,{"v":1,"d":"1.0"},{"v":1.38,"d":"1.4"},{"v":4,"d":"4.0"},{"v":22,"d":"22.0"}]
["Batedeira de Cereais","Unidade",2,{"v":1,"d":"1.0"},{"v":1,"d":"1.0"},{"v":1,"d":"1.0"},{"v":2,"d":"2.0"}]
["Câmara Fria","Unidade",4,{"v":1,"d":"1.0"},{"v":1,"d":"1.0"},{"v":1,"d":"1.0"},{"v":4,"d":"4.0"}]
["Carregadeira de Cana","Unidade",1,{"v":3,"d":"3.0"},{"v":3,"d":"3.0"},{"v":3,"d":"3.0"},{"v":3,"d":"3.0"}]
["Colhedeira Automotriz","Unidade",5,{"v":1,"d":"1.0"},1.2,{"v":2,"d":"2.0"},{"v":6,"d":"6.0"}]
["Computador","Unidade",15,{"v":1,"d":"1.0"},{"v":3.27,"d":"3.3"},{"v":18,"d":"18.0"},{"v":49,"d":"49.0"}]
["Conj.Irrigação Autopropelido","Unidade",7,{"v":1,"d":"1.0"},{"v":1.43,"d":"1.4"},{"v":3,"d":"3.0"},{"v":10,"d":"10.0"}]
["Conj.Irrigação Convencional","Unidade",41,{"v":1,"d":"1.0"},1.9,{"v":28,"d":"28.0"},{"v":78,"d":"78.0"}]
["Conj.Irrigação/Gotejamento/Microaspersão","Unidade",10,{"v":1,"d":"1.0"},2.2,{"v":8,"d":"8.0"},{"v":22,"d":"22.0"}]
["Conjunto de Fenação","Unidade",7,{"v":1,"d":"1.0"},{"v":1,"d":"1.0"},{"v":1,"d":"1.0"},{"v":7,"d":"7.0"}]
["Desintegrador de Palha (Plantio Direto)","Unidade",2,{"v":1,"d":"1.0"},1.5,{"v":2,"d":"2.0"},{"v":3,"d":"3.0"}]
["Desintegrador, Picador, Triturador","Unidade",47,{"v":1,"d":"1.0"},{"v":1.17,"d":"1.2"},{"v":4,"d":"4.0"},{"v":55,"d":"55.0"}]
["Distribuidor de Calcário","Unidade",19,{"v":1,"d":"1.0"},{"v":1.11,"d":"1.1"},{"v":2,"d":"2.0"},{"v":21,"d":"21.0"}]
["Ensiladeira","Unidade",7,{"v":1,"d":"1.0"},{"v":1.43,"d":"1.4"},{"v":3,"d":"3.0"},{"v":10,"d":"10.0"}]
["Grade Aradora (Tipo Romi)","Unidade",15,{"v":1,"d":"1.0"},1.6,{"v":4,"d":"4.0"},{"v":24,"d":"24.0"}]
["Grade Niveladora","Unidade",88,{"v":1,"d":"1.0"},{"v":1.18,"d":"1.2"},{"v":4,"d":"4.0"},{"v":104,"d":"104.0"}]
["Implementos para Tração Animal","Unidade",4,{"v":2,"d":"2.0"},{"v":2,"d":"2.0"},{"v":2,"d":"2.0"},{"v":8,"d":"8.0"}]
["Máquina de Classificar Frutas","Unidade",1,{"v":1,"d":"1.0"},{"v":1,"d":"1.0"},{"v":1,"d":"1.0"},{"v":1,"d":"1.0"}]
["Microtrator","Unidade",10,{"v":1,"d":"1.0"},1.9,{"v":5,"d":"5.0"},{"v":19,"d":"19.0"}]
["Misturador de Ração","Unidade",4,{"v":1,"d":"1.0"},{"v":1.25,"d":"1.3"},{"v":2,"d":"2.0"},{"v":5,"d":"5.0"}]
["Ordenhadeira Mecânica","Unidade",3,{"v":1,"d":"1.0"},{"v":1,"d":"1.0"},{"v":1,"d":"1.0"},{"v":3,"d":"3.0"}]
["Pulverizador Tratorizado","Unidade",75,{"v":1,"d":"1.0"},{"v":1.73,"d":"1.7"},{"v":11,"d":"11.0"},{"v":130,"d":"130.0"}]
["Resfriador de Leite, Tanque Expansão","Unidade",2,{"v":1,"d":"1.0"},1.5,{"v":2,"d":"2.0"},{"v":3,"d":"3.0"}]
["Roçadeira Costal","Unidade",3,{"v":2,"d":"2.0"},{"v":3,"d":"3.0"},{"v":4,"d":"4.0"},{"v":9,"d":"9.0"}]
["Roçadeira Tratorizada","Unidade",72,{"v":1,"d":"1.0"},{"v":1.47,"d":"1.5"},{"v":6,"d":"6.0"},{"v":106,"d":"106.0"}]
["Semeadeira/Adubadeira para Plantio Convencional","Unidade",24,{"v":1,"d":"1.0"},{"v":1,"d":"1.0"},{"v":1,"d":"1.0"},{"v":24,"d":"24.0"}]
["Semeadeira/Plantadeira Plantio Direto","Unidade",8,{"v":1,"d":"1.0"},{"v":1.38,"d":"1.4"},{"v":2,"d":"2.0"},{"v":11,"d":"11.0"}]
["Trator de Esteiras","Unidade",2,{"v":1,"d":"1.0"},{"v":2,"d":"2.0"},{"v":3,"d":"3.0"},{"v":4,"d":"4.0"}]
["Trator de Pneus","Unidade",132,{"v":1,"d":"1.0"},{"v":2.04,"d":"2.0"},{"v":28,"d":"28.0"},{"v":269,"d":"269.0"}]
["Açude/Represa","Unidade",101,{"v":1,"d":"1.0"},{"v":2.14,"d":"2.1"},{"v":12,"d":"12.0"},{"v":216,"d":"216.0"}]
["Almoxarifado/Oficina","Unidade",16,{"v":1,"d":"1.0"},{"v":1,"d":"1.0"},{"v":1,"d":"1.0"},{"v":16,"d":"16.0"}]
["Armazém para Grãos Ensacados","Sacas",5,{"v":1,"d":"1.0"},1.2,{"v":2,"d":"2.0"},{"v":6,"d":"6.0"}]
["Balança para Bovinos","Unidade",3,{"v":1,"d":"1.0"},{"v":1,"d":"1.0"},{"v":1,"d":"1.0"},{"v":3,"d":"3.0"}]
["Balança para Veículos","Unidade",2,{"v":1,"d":"1.0"},{"v":1,"d":"1.0"},{"v":1,"d":"1.0"},{"v":2,"d":"2.0"}]
["Barracão para Granja/Avicultura","Unidade",18,{"v":1,"d":"1.0"},{"v":3.06,"d":"3.1"},{"v":26,"d":"26.0"},{"v":55,"d":"55.0"}]
["Barracão/Galpão/Garagem","Unidade",155,{"v":1,"d":"1.0"},{"v":1.72,"d":"1.7"},{"v":6,"d":"6.0"},{"v":266,"d":"266.0"}]
["Biodigestor","Unidade",2,{"v":1,"d":"1.0"},{"v":1,"d":"1.0"},{"v":1,"d":"1.0"},{"v":2,"d":"2.0"}]
["Casa de Moradia Habitada","Unidade",186,{"v":1,"d":"1.0"},{"v":2.25,"d":"2.3"},{"v":20,"d":"20.0"},{"v":419,"d":"419.0"}]
["Casa de Moradia Total","Unidade",190,{"v":1,"d":"1.0"},{"v":3.34,"d":"3.3"},{"v":21,"d":"21.0"},{"v":635,"d":"635.0"}]
["Curral/Mangueira","Unidade",40,{"v":1,"d":"1.0"},{"v":1,"d":"1.0"},{"v":1,"d":"1.0"},{"v":40,"d":"40.0"}]
["Depósito/Tulha","Unidade",46,{"v":1,"d":"1.0"},{"v":1.15,"d":"1.2"},{"v":2,"d":"2.0"},{"v":53,"d":"53.0"}]
["Estábulo","Unidade",19,{"v":1,"d":"1.0"},{"v":1,"d":"1.0"},{"v":1,"d":"1.0"},{"v":19,"d":"19.0"}]
["Estufa/Plasticultura","m²",11,{"v":200,"d":"200.0"},{"v":8936.36,"d":"8,936.4"},{"v":55000,"d":"55,000.0"},{"v":98300,"d":"98,300.0"}]
["Fábrica de Ração","Unidade",1,{"v":1,"d":"1.0"},{"v":1,"d":"1.0"},{"v":1,"d":"1.0"},{"v":1,"d":"1.0"}]
["Instalações para Equinos","Unidade",30,{"v":1,"d":"1.0"},{"v":6.77,"d":"6.8"},{"v":27,"d":"27.0"},{"v":203,"d":"203.0"}]
["Máquina de Benefício","Unidade",4,{"v":1,"d":"1.0"},{"v":1,"d":"1.0"},{"v":1,"d":"1.0"},{"v":4,"d":"4.0"}]
["Olaria","Unidade",1,{"v":1,"d":"1.0"},{"v":1,"d":"1.0"},{"v":1,"d":"1.0"},{"v":1,"d":"1.0"}]
["Packing House","Unidade",5,{"v":1,"d":"1.0"},1.2,{"v":2,"d":"2.0"},{"v":6,"d":"6.0"}]
["Pocilga","Unidade",30,{"v":1,"d":"1.0"},{"v":4,"d":"4.0"},{"v":30,"d":"30.0"},{"v":120,"d":"120.0"}]
["Poço Semi-Artesiano","Unidade",30,{"v":1,"d":"1.0"},{"v":1.17,"d":"1.2"},{"v":2,"d":"2.0"},{"v":35,"d":"35.0"}]
["Secador de Grãos","Unidade",2,{"v":1,"d":"1.0"},1.5,{"v":2,"d":"2.0"},{"v":3,"d":"3.0"}]
["Silo para Grãos","t",2,{"v":50,"d":"50.0"},{"v":175,"d":"175.0"},{"v":300,"d":"300.0"},{"v":350,"d":"350.0"}]
["Silo para Silagem","t",2,{"v":1,"d":"1.0"},{"v":8,"d":"8.0"},{"v":15,"d":"15.0"},{"v":16,"d":"16.0"}]
["Terreiro","m²",15,{"v":1,"d":"1.0"},{"v":1750.13,"d":"1,750.1"},{"v":6000,"d":"6,000.0"},{"v":26252,"d":"26,252.0"}]
["Usina de Açúcar/destilaria","Unidade",1,{"v":1,"d":"1.0"},{"v":1,"d":"1.0"},{"v":1,"d":"1.0"},{"v":1,"d":"1.0"}]
["Fonte: Secretaria de Agricultura e Abastecimento, CDRS/IEA, Projeto LUPA."]
[]
["TABELA 530.4 - Outras Estatísticas Agrícolas, Município de Santo Antônio de Posse, Estado de São Paulo, 2007/08."]
["ITEM","Número de UPAs",null,"Percentual"]
["Faz Parte de Associação de Produtores",42,null,{"v":17.28395061728395,"d":"17.3"}]
["Faz Parte de Cooperativa de Produtores",50,null,{"v":20.5761316872428,"d":"20.6"}]
["Faz Parte do Sindicato de Produtores",105,null,{"v":43.20987654320987,"d":"43.2"}]
["Não utiliza assistência técnica ",158,null,{"v":65.02057613168725,"d":"65.0"}]
["Utiliza somente assistência técnica governamental ",29,null,{"v":11.934156378600823,"d":"11.9"}]
["Utiliza somente assistência técnica privada ",45,null,{"v":18.51851851851852,"d":"18.5"}]
["Utiliza assistência técnica tanto governamental quanto privada",10,null,{"v":4.11522633744856,"d":"4.1"}]
["Utiliza Crédito Rural",13,null,{"v":5.349794238683128,"d":"5.3"}]
["Utiliza Seguro Rural",9,null,{"v":3.7037037037037037,"d":"3.7"}]
["Utiliza Escrituração Agrícola",71,null,{"v":29.218106995884774,"d":"29.2"}]
["Acessa Internet p/ Fins na Agropecuária",26,null,{"v":10.699588477366255,"d":"10.7"}]
["Utiliza Computador nas Atividades Agropecuárias",26,null,{"v":10.699588477366255,"d":"10.7"}]
["Utiliza Energia Elétrica Para Uso na Atividade Agrícola",213,null,{"v":87.65432098765432,"d":"87.7"}]
["Realiza Análise de Solo, quando necessário",144,null,{"v":59.25925925925926,"d":"59.3"}]
["Utiliza Práticas de Conservação de Solo, quando necessário",183,null,{"v":75.30864197530865,"d":"75.3"}]
["Faz Adubação Mineral, quando necessário",207,null,{"v":85.18518518518518,"d":"85.2"}]
["Faz Adubação Orgânica, quando necessário",130,null,{"v":53.49794238683128,"d":"53.5"}]
["Faz Adubação Verde, quando necessário",18,null,{"v":7.407407407407407,"d":"7.4"}]
["Utiliza Manejo Integrado de Pragas (MIP)",41,null,{"v":16.872427983539094,"d":"16.9"}]
["Utiliza Hidroponia",2,null,{"v":0.823045267489712,"d":"0.8"}]
["Utiliza Plasticultura",11,null,{"v":4.526748971193416,"d":"4.5"}]
["Utiliza Mudas Fiscalizadas",91,null,{"v":37.44855967078189,"d":"37.4"}]
["Utiliza Semente Melhorada",80,null,{"v":32.92181069958848,"d":"32.9"}]
["Faz Confinamento de Bovinos",7,null,{"v":2.880658436213992,"d":"2.9"}]
["Utiliza Pastejo Intensivo",20,null,{"v":8.23045267489712,"d":"8.2"}]
["Faz Inseminação Artificial",6,null,{"v":2.4691358024691357,"d":"2.5"}]
["Faz Mineralização do Rebanho",71,null,{"v":29.218106995884774,"d":"29.2"}]
["Faz Vermifugação do Rebanho",72,null,{"v":29.62962962962963,"d":"29.6"}]
["Possui Parceiros /Arrendatários na Exploração Animal",15,null,{"v":6.172839506172839,"d":"6.2"}]
["Esporte e lazer",2,null,{"v":0.823045267489712,"d":"0.8"}]
["Extração mineral",2,null,{"v":0.823045267489712,"d":"0.8"}]
["Hotel Fazenda, Pousada ou SPA",1,null,{"v":0.411522633744856,"d":"0.4"}]
["Pesque-pague",3,null,{"v":1.2345679012345678,"d":"1.2"}]
["Restaurante ou Lanchonete",4,null,{"v":1.646090534979424,"d":"1.6"}]
["Transformação artesanal",5,null,{"v":2.05761316872428,"d":"2.1"}]
["Turismo rural ou ecoturismo",4,null,{"v":1.646090534979424,"d":"1.6"}]
["Outras atividades econômicas rurais",6,null,{"v":2.4691358024691357,"d":"2.5"}]
["Agroindústria",4,null,{"v":1.646090534979424,"d":"1.6"}]
["Proprietário sem instrução ou com instrução incompleta",4,null,{"v":1.646090534979424,"d":"1.6"}]
["Proprietário com antigo primário completo",69,null,{"v":28.395061728395063,"d":"28.4"}]
["Proprietário com 1° grau (ou antigo ginasial) completo",25,null,{"v":10.288065843621398,"d":"10.3"}]
["Proprietário com 2° grau (ou antigo colegial) completo",43,null,{"v":17.695473251028808,"d":"17.7"}]
["Proprietário com curso superior completo ",87,null,{"v":35.80246913580247,"d":"35.8"}]
["Pessoa Jurídica",14,null,{"v":5.761316872427984,"d":"5.8"}]
["Proprietário residente na própria UPA ",73,null,{"v":30.04115226337448,"d":"30.0"}]
["Fonte: Secretaria de Agricultura e Abastecimento, CDRS/IEA, Projeto LUPA."]
[]
["TABELA 530.5 - Área Cultivada, Município de Santo Antônio de Posse, Estado de São Paulo, 2007/08."]
["CULTURA","N.DE UPAs","MÍNIMO","MÉDIO","MÁXIMO","TOTAL"]
["Cana-de-acucar",47,0.5,{"v":77.87,"d":"77.9"},782.4,{"v":3659.8,"d":"3,659.8"}]
["Milho",67,0.7,23.3,{"v":412,"d":"412.0"},{"v":1560.8,"d":"1,560.8"}]
["Laranja",33,{"v":1,"d":"1.0"},42.8,{"v":166,"d":"166.0"},{"v":1412.5,"d":"1,412.5"}]
["Braquiaria",60,0.5,{"v":16.01,"d":"16.0"},139.8,960.6]
["Gramas",59,0.3,{"v":15.97,"d":"16.0"},{"v":74,"d":"74.0"},{"v":942,"d":"942.0"}]
["Limao",51,{"v":1,"d":"1.0"},{"v":9.73,"d":"9.7"},{"v":64,"d":"64.0"},496.1]
["Mandioca",21,0.7,{"v":10.88,"d":"10.9"},96.8,228.5]
["Abacate",27,{"v":1,"d":"1.0"},{"v":6.28,"d":"6.3"},21.9,169.5]
["Eucalipto",30,0.1,{"v":5.52,"d":"5.5"},{"v":55,"d":"55.0"},165.6]
["Manga",28,{"v":1,"d":"1.0"},{"v":4.73,"d":"4.7"},{"v":45,"d":"45.0"},132.5]
["Outras culturas temporárias",1,{"v":120,"d":"120.0"},{"v":120,"d":"120.0"},{"v":120,"d":"120.0"},{"v":120,"d":"120.0"}]
["Floricultura para corte",5,0.6,{"v":23.02,"d":"23.0"},{"v":70,"d":"70.0"},115.1]
["Cafe",8,0.2,10.6,{"v":35,"d":"35.0"},84.8]
["Coloniao",10,{"v":1,"d":"1.0"},{"v":7.12,"d":"7.1"},{"v":20,"d":"20.0"},71.2]
["Feijao",4,0.5,{"v":14.08,"d":"14.1"},{"v":48,"d":"48.0"},56.3]
["Tangerina",17,1.2,{"v":3.19,"d":"3.2"},8.5,54.3]
["Quiabo",19,0.5,{"v":2.55,"d":"2.6"},{"v":12,"d":"12.0"},48.5]
["Outras frutiferas",2,0.5,{"v":20.25,"d":"20.3"},{"v":40,"d":"40.0"},40.5]
["Floricultura para vaso",10,0.1,{"v":3.75,"d":"3.8"},16.5,37.5]
["Capim-napier (ou capim-elefante)",11,0.4,{"v":2.75,"d":"2.8"},13.5,30.2]
["Outras florestais",1,{"v":24,"d":"24.0"},{"v":24,"d":"24.0"},{"v":24,"d":"24.0"},{"v":24,"d":"24.0"}]
["Milho-silagem",3,{"v":2,"d":"2.0"},6.3,9.6,18.9]
["Pomar domestico",15,0.1,{"v":0.82,"d":"0.8"},2.4,12.3]
["Pinus",1,{"v":11,"d":"11.0"},{"v":11,"d":"11.0"},{"v":11,"d":"11.0"},{"v":11,"d":"11.0"}]
["Abobora (ou jerimum)",6,0.5,{"v":0.97,"d":"1.0"},1.5,5.8]
["Viveiro de flores e ornamentais",2,0.2,{"v":2.85,"d":"2.9"},5.5,5.7]
["Banana",4,0.4,{"v":1.38,"d":"1.4"},3.6,5.5]
["Pimentao",4,0.2,{"v":1.15,"d":"1.2"},2.4,4.6]
["Mandioquinha",1,4.5,4.5,4.5,4.5]
["Lichia",2,0.5,{"v":1.75,"d":"1.8"},{"v":3,"d":"3.0"},3.5]
["Jilo",2,{"v":1,"d":"1.0"},{"v":1.25,"d":"1.3"},1.5,2.5]
["Berinjela",2,0.8,{"v":1.15,"d":"1.2"},1.5,2.3]
["Acerola (ou cereja-das-antilhas)",2,0.8,0.9,{"v":1,"d":"1.0"},1.8]
["Jabuticaba",1,1.5,1.5,1.5,1.5]
["Pepino",3,0.1,{"v":0.43,"d":"0.4"},{"v":1,"d":"1.0"},1.3]
["Outras gramineas para pastagem",1,{"v":1,"d":"1.0"},{"v":1,"d":"1.0"},{"v":1,"d":"1.0"},{"v":1,"d":"1.0"}]
["Goiaba",1,0.5,0.5,0.5,0.5]
["Teca",1,0.5,0.5,0.5,0.5]
["Sorgo-vassoura",1,0.5,0.5,0.5,0.5]
["Couve-flor",1,0.5,0.5,0.5,0.5]
["Tomate envarado",2,0.2,0.2,0.2,0.4]
["Fonte: Secretaria de Agricultura e Abastecimento, CDRS/IEA, Projeto LUPA."]